| 000 | 00399nam a2200157Ia 4500 | ||
|---|---|---|---|
| 005 | 20250424120221.0 | ||
| 008 | 250424s9999 xx 000 0 und d | ||
| 022 | _a00020087 | ||
| 050 | _aPL 792 .A37/ | ||
| 245 | 0 | _aAfrican notes: journal of the institute of african studies | |
| 260 | _aIbadan | ||
| 260 | _bIBA, Ltd | ||
| 260 | _c2006 | ||
| 300 | _avii, 218 p. : ill. ; 25 cm. | ||
| 942 | _cSR | ||
| 999 |
_c38056 _d38056 |
||